Normal view
MARC view
- Dana , Kennedy
Entry Personal Name
001 - CONTROL NUMBER
- control field: 132206
003 - CONTROL NUMBER IDENTIFIER
- control field: NUST
005 - DATE AND TIME OF LATEST TRANSACTION
- control field: 20251205123704.0
008 - FIXED-LENGTH DATA ELEMENTS
- fixed length control field: 251205|| aca||aabn | a|a d
040 ## - CATALOGING SOURCE
- Original cataloging agency: NUST
- Transcribing agency: NUST
100 ## - HEADING--PERSONAL NAME
- Personal name: Dana , Kennedy
670 ## - SOURCE DATA FOUND
- Source citation: Work cat.: (NUST): Dana , Kennedy., Literature: An Introduction to Fiction, Poetry, Drama, and Writing /, 2007.
